[Event "BCF-chT3W 2223 (4NCL)"]
[Site "England"]
[Date "2023.04.29"]
[Round "9.63"]
[White "Truman, Richard G"]
[Black "Headlong, Timothy"]
[Result "0-1"]
[WhiteElo "2005"]
[BlackElo "2054"]
[PlyCount "90"]
[EventDate "2022.10.22"]
[EventType "team-tourn"]
[EventRounds "11"]
[EventCountry "ENG"]
[SourceTitle "EXT 2024"]
[Source "ChessBase"]
[SourceDate "2023.10.10"]
[SourceVersion "1"]
[SourceVersionDate "2023.10.10"]
[SourceQuality "1"]
[WhiteTeam "Ashfield"]
[BlackTeam "Brown Jack"]
[WhiteTeamCountry "ENG"]
[BlackTeamCountry "ENG"]

1. d4 d5 2. c4 e6 3. Nf3 c5 4. Nc3 cxd4 5. Nxd4 Nf6 6. g3 e5 7. Nf3 d4 8. Nb5 a6 9. Na3 Nc6 10. Bg2 Bc5 11. 0-0 0-0 12. Nc2 Re8 13. Bd2 a5 14. a3 e4 15. Ng5 a4 16. Nb4 h6 17. Nh3 Be6 18. Nf4 Bf5 19. Nfd5 Nxd5 20. Nxd5 Ne5 21. Qc1 b5 22. Bf4 bxc4 23. Bxe5 Qxd5 24. Bf4 Bb6 25. h3 Bg6 26. Rd1 d3 27. exd3 cxd3 28. Qd2 Qa5 29. Rac1 Qxd2 30. Bxd2 Bd4 31. Bc3 Bxc3 32. Rxc3 Rac8 33. Kf1 f5 34. Ke1 Rxc3 35. bxc3 Rb8 36. Kd2 Rb2+ 37. Ke3 Re2+ 38. Kd4 Rxf2 39. Bf1 Bf7 40. g4 Bb3 41. Rb1 g6 42. gxf5 gxf5 43. Kc5 Kg7 44. Kd4 Kf6 45. Ke3 Ra2 0-1

[Event "BCF-chT3W 2223 (4NCL)"]
[Site "England"]
[Date "2022.10.22"]
[Round "1.23"]
[White "Phan, Stefanus Kf"]
[Black "Truman, Richard G"]
[Result "1-0"]
[WhiteElo "1963"]
[BlackElo "2005"]
[PlyCount "77"]
[EventDate "2022.10.22"]
[EventType "team-tourn"]
[EventRounds "11"]
[EventCountry "ENG"]
[SourceTitle "EXT 2024"]
[Source "ChessBase"]
[SourceDate "2023.10.10"]
[SourceVersion "1"]
[SourceVersionDate "2023.10.10"]
[SourceQuality "1"]
[WhiteTeam "Oxford II"]
[BlackTeam "Ashfield"]
[WhiteTeamCountry "ENG"]
[BlackTeamCountry "ENG"]

1. c4 Nf6 2. g3 g6 3. Bg2 d5 4. cxd5 Nxd5 5. Nc3 Nxc3 6. bxc3 Bg7 7. Nf3 0-0 8. 0-0 Nc6 9. Rb1 Qd7 10. Ng5 Qf5 11. Ne4 b6 12. Ba3 Qa5 13. Qc1 Bf5 14. d3 Rac8 15. Nd2 Bd7 16. d4 Rfe8 17. e4 e5 18. d5 Ne7 19. Re1 f5 20. Nc4 Qa6 21. Bf1 b5 22. Ne3 c5 23. d6 Qxd6 24. Rd1 Qe6 25. Rxb5 Bxb5 26. Bxb5 c4 27. Rd6 Qf7 28. Bd7 Kh8 29. Be6 Qf8 30. Bxc8 Nxc8 31. Rd7 Qf6 32. exf5 gxf5 33. Rc7 f4 34. Nxc4 e4 35. Qxf4 Qxf4 36. gxf4 Bxc3 37. Ne5 Ba5 38. Nf7+ Kg8 39. Nh6+ 1-0